Proceso y contenido de la novela hispano-americana /

Recorrido histórico del desarrollo de la novela en Latinoamérica desde su origen en tiempos de la colonia hasta el siglo XX.

Uloženo v:
Podrobná bibliografie
Hlavní autor: Sánchez, Luis Alberto (autor)
Médium: Kniha
Jazyk:španělština
Vydáno: Madrid, España : Gredos, 1968, c1968
Vydání:2a edición
Edice:(Biblioteca Románica Hispánica. Estudios y Ensayos ; 11)
Témata:
Tagy: Přidat tag
Žádné tagy, Buďte první, kdo vytvoří štítek k tomuto záznamu!

MARC

LEADER 00000nam^a2200000^a^4500
001 000156720
005 20250521000000.0
009 20260310100514.84
037 |a Acervo ITESO - Biblioteca 
041 |a ESP 
082 |a 860. 980  |b SAN 
100 |a Sánchez, Luis Alberto  |e (autor) 
245 1 0 |a Proceso y contenido de la novela hispano-americana /  |c L.A. Sánchez. 
250 |a 2a edición  |b revisada y aumentada 
264 4 |a Madrid, España :  |b Gredos,  |c 1968, c1968 
300 |a 625 p. 
336 |a texto  |b txt  |2 rdacontenido 
337 |a sin mediación  |b n  |2 rdamedio 
338 |a volumen  |b nc  |2 rdasoporte 
440 1 |a (Biblioteca Románica Hispánica.  |p Estudios y Ensayos ;  |v 11) 
520 |a Recorrido histórico del desarrollo de la novela en Latinoamérica desde su origen en tiempos de la colonia hasta el siglo XX. 
649 |a XX 
650 |a Novela Latinoamericana -  |x Historia y Crítica 
650 |a Literatura Latinoamericana -  |x Historia y Crítica 
650 |a Literatura Latinoamericana -  |y Siglo XVI 
650 |a Literatura Latinoamericana -  |y Siglo XX 
910 |a Fondo Salvador Reynoso Reynoso 
920 |a Impresos - Libros 
930 |a Fondos Especiales 
940 |a Literatura 
905 |a 112 
901 |a 0800016231  |b IT2  |c ESP  |u 20250521 
902 |a https://opac.biblio.iteso.mx/vufind/Record/000156720